000 02720nam0a2200433 4500
001 RU\NLR\bibl\922100
005 20260407134841.0
010 _a5-88678-129-3
_bМузеи Московского Кремля
010 _a5-901685-92-X
_92000
_bХудожник и книга
021 _aRU
_b2006-7947
_9382
035 _a(NLR Aleph) 000910375
090 _a36054
_c36054
100 _a20060327d2005 |||y0rusy50 ca
101 0 _arus
_deng
102 _aRU
105 _aa |||||||||
200 1 _a"Во утверждение дружбы..."
_d"In confirmation of friendship..."
_eпосольские дары русским царям
_e[каталог выставки
_fсост. и авт. ст. И.А. Загородняя]
_zeng
210 _aМосква
_cХудожник и книга
_cМузеи Московского Кремля
_d2005
215 _a150 с.
_cцв. ил.
_d28
300 _aЗагл. обл.: Посольские дары русским царям
300 _aВ надзаг.: М-во культуры и массовых коммуникаций Рос. Федерации, Федер. гос. учреждение "Гос. ист.-культ. музей-заповедник "Моск. Кремль""
300 _a200 лет Музеям Московского Кремля, 1806-2006
300 _aРез. на англ. яз.
320 _aБиблиогр. в тексте
510 0 _a"In confirmation of friendship..."
_zeng
512 1 _aПосольские дары русским царям
601 0 2 _a"Московский Кремль", государственный историко-культурный музей-заповедник
_xКоллекция декоративно-прикладного искусства
_xВыставки
_z2005 - 2006
_92426337
_3RU\NLR\AUTH\661444525
606 1 _aПрикладное искусство
_xВыставки
_yМосква, город
_z2005
_92418041
_3RU\NLR\auth\661440222
686 _aЩ123(0)л61
686 _aЩ101.3(2Р)-2Москва2Кремль
702 1 _aЗагородняя
_bИ. А.
_4220
711 1 2 _a"Во утверждение дружбы..." Посольские дары русским царям", выставка
_eМосква
_f2005-2006
_9664995
_3RU\NLR\AUTH\8810081384
712 0 2 _4570
_a"Московский Кремль", государственный историко-культурный музей-заповедник
_9299609
_3RU\NLR\AUTH\8813296
801 0 _aRU
_bNLR
_c20060327
_grcr
801 1 _aRU
_bNLR
_c20060327
942 _cBOOK
980 _aNB